[Event "Managua Gomez Argenal Memorial"]
[Site "Managua"]
[Date "2020.06.07"]
[Round "2"]
[White "Granados Lopez, Fidel"]
[Black "Espinoza Solano, Isaac Antonio"]
[Result "1-0"]
[WhiteElo "1772"]
[BlackElo "1318"]
[PlyCount "29"]
[EventDate "2020.06.06"]
[EventType "swiss"]
[EventRounds "9"]
[EventCountry "NCA"]
[SourceTitle "CBM 197 Extra"]
[Source "ChessBase"]
[SourceDate "2020.09.30"]
[SourceVersion "1"]
[SourceVersionDate "2020.09.30"]
[SourceQuality "1"]

1. e4 e5 2. Nf3 Nc6 3. Bc4 Nf6 4. Ng5 d5 5. exd5 Nxd5 6. Nxf7 Kxf7 7. Qf3+ Ke6 8. Nc3 Ncb4 9. a3 c6 10. axb4 Bxb4 11. Bxd5+ cxd5 12. Qg4+ Ke7 13. Qxb4+ Ke8 14. Ra5 Be6 15. Qxb7 1-0